000 00696cam a2200193 4500
001 WB3547-04
008 000000n1999 000 0 eng u
035 _a(Sirsi) u102956
245 _aTender prices on the move
260 _c1999
490 _aContract Journal
_v401(6253) 24 November 1999, 6(1)
520 _aA survey by the National Specialist Contractors Council (NSCC) says that tender prices increased in 3Q 1999. They also report no real improvement in contract and payment abuse.
590 _aWB
650 _aTENDER PRICES
650 _aNATIONAL SPECIALIST CONTRACTORS COUNCIL
650 _aPAYMENT ABUSE
690 _aBUILT ENVIRONMENT-BUILDING CONTRACT FORMS
942 _n0
999 _c61858
_d61858